000 00542nam a22001577a 4500
008 150310b xxu||||| |||| 00| 0 eng d
050 _aPN1031.S65 1969
100 _aSidney, Phillip
_916072
245 _aThe Apology for poetry
_bthe norwhich sidney manuscript
_c/by Sidney, Phillip
260 _aCalifornia
_bSan Fernando valley state college
_c1969
300 _axxv,51p. ;
_c24cm.
440 _aThe Renaissance editions
_916074
650 _aPoetry
_xEarly works
_916071
700 _aMahl, Mary R. (ed.)
_916075
942 _2lcc
_cMONOGRAPH
999 _c122365
_d122365